Partidos políticos de América Latina: Centroamérica, México y República Dominicana.

Salvato in:
Dettagli Bibliografici
Autore principale: Alcántara Sáez, Manuel (coordinador)
Altri autori: Freidenberg, Flavia Daniela (coordinador)
Natura: Libro
Pubblicazione: México D.F., México: Fondo Cultura Económica, Instituto Federal Electoral, 2003.
Edizione:Primera edición (FCE)
Serie:Política y Derecho
Soggetti:
Tags: Aggiungi Tag
Nessun Tag, puoi essere il primo ad aggiungerne!!

MARC

LEADER 00000nam a2200000 a 4500
001 UCL7689
003 CL-VaPUC
005 20250321120744.0
008 220818t2003 ||||| |||| 00| 0 eng d
999 |c 309314  |d 309312 
020 |a 9681668677 
040 |c Pontificia Universidad Católica de Valparaíso 
082 0 4 |a 324.28 ALC 2003  |2 21 
100 0 |a Alcántara Sáez, Manuel  |e coordinador  |9 485544 
245 1 0 |a Partidos políticos de América Latina: Centroamérica, México y República Dominicana. 
250 |a Primera edición (FCE) 
260 |a México D.F., México:  |b Fondo Cultura Económica,  |b Instituto Federal Electoral,  |c 2003. 
300 |a 772 páginas. 
490 0 |a Política y Derecho 
500 |a c.2 Donación Sr. Eduardo Araya L. 12 abril 2022 Memo HIS/003. 
583 |a last modification  |c 20190710 06:48:39  |k Rodrigo Vera 
650 0 |a Partidos políticos  |9 254999 
650 0 |a Historia política  |9 256974 
651 0 |a América Latina   |9 255027 
651 0 |a Costa Rica   |9 225304 
651 7 |a El Salvador  |2 CL-VaPUC  |9 257726 
651 7 |a Honduras  |2 CL-VaPUC  |9 257740 
651 0 |a Guatemala  |9 258335 
651 0 |a México  |9 255269 
651 7 |a Nicaragua  |2 CL-VaPUC  |9 255394 
651 7 |a Panamá  |2 CL-VaPUC  |9 257728 
651 7 |a República Dominicana  |2 CL-VaPUC  |9 257737 
700 0 |a Freidenberg, Flavia Daniela  |e coordinador  |9 485545 
942 |c BK  |2 ddc 
945 |d 20040528 00:00:00  |a cmena 
952 |0 0  |1 0  |4 0  |6 324_280000000000000_ALC_2003  |7 0  |8 A  |9 376735  |a BIBHIS  |b BIBHIS  |d 2019-11-21  |i 4021010  |o 324.28 ALC 2003  |p 4021010  |r 2025-01-20  |w 2019-11-21  |y BK  |k HIS 
952 |0 0  |1 0  |2 ddc  |4 0  |6 324_280000000000000_ALC_2003  |7 0  |8 A  |9 586281  |a BIBHIS  |b BIBHIS  |c GEN  |d 2022-08-18  |e Donación  |i 5654225  |o 324.28 ALC 2003  |p 5654225  |r 2025-01-20  |t 2  |w 2022-08-18  |y BK  |k HIS